[Event "C10"]
[Site "?"]
[Date "2020.08.30"]
[Round "7.5"]
[White "Majcher, Igor"]
[Black "Boryna, Szymon"]
[Result "1-0"]
[BlackElo "1026"]
[WhiteElo "1365"]
[LiveChessVersion "1.4.8"]

1. e4 {[%clk 0:03:03]} e6 {[%clk 0:03:04]} 2. d4 {[%clk 0:03:04]} d5
{[%clk 0:03:05]} 3. Nc3 {[%clk 0:03:05]} dxe4 {[%clk 0:03:06]} 4. Nxe4
{[%clk 0:03:05]} Nd7 {[%clk 0:03:07]} 5. Nf3 Ngf6 {[%clk 0:03:07]} 6. Bg5
{[%clk 0:03:02]} Be7 {[%clk 0:03:08]} 7. Bxf6 {[%clk 0:03:02]} Nxf6 8. Nxf6+
{[%clk 0:03:03]} Bxf6 {[%clk 0:03:08]} 9. c3 {[%clk 0:03:04]} O-O
{[%clk 0:03:08]} 10. Qd2 {[%clk 0:03:05]} b6 {[%clk 0:03:09]} 11. Be2
{[%clk 0:03:06]} Bb7 {[%clk 0:03:10]} 12. O-O {[%clk 0:03:06]} Qe7
{[%clk 0:03:07]} 13. Rfe1 {[%clk 0:03:05]} Rad8 {[%clk 0:03:07]} 14. Rad1
{[%clk 0:03:05]} c5 {[%clk 0:03:08]} 15. Qc2 {[%clk 0:03:03]} cxd4
{[%clk 0:03:05]} 16. Nxd4 Bxd4 {[%clk 0:03:06]} 17. Rxd4 {[%clk 0:03:03]} Rxd4
{[%clk 0:03:03]} 18. cxd4 {[%clk 0:03:04]} Rc8 {[%clk 0:03:04]} 19. Qd3
{[%clk 0:02:58]} Qg5 {[%clk 0:03:00]} 20. f3 {[%clk 0:02:53]} Rd8
{[%clk 0:02:56]} 21. Kf2 {[%clk 0:02:47]} e5 {[%clk 0:02:54]} 22. Qe3
{[%clk 0:02:38]} Qxe3+ {[%clk 0:02:50]} 23. Kxe3 exd4+ 24. Kd3 {[%clk 0:02:39]}
Ba6+ {[%clk 0:02:52]} 25. Kd2 {[%clk 0:02:40]} Bxe2 {[%clk 0:02:49]} 26. Rxe2
{[%clk 0:02:40]} Kf8 {[%clk 0:02:50]} 27. Kd3 {[%clk 0:02:41]} Re8
{[%clk 0:02:45]} 28. Rxe8+ {[%clk 0:02:41]} Kxe8 {[%clk 0:02:47]} 29. Kxd4
{[%clk 0:02:41]} Kd7 {[%clk 0:02:48]} 30. Kd5 {[%clk 0:02:42]} f6
{[%clk 0:02:48]} 31. g3 {[%clk 0:02:43]} g6 {[%clk 0:02:49]} 32. h3
{[%clk 0:02:44]} h6 {[%clk 0:02:50]} 33. f4 {[%clk 0:02:42]} f5 {[%clk 0:02:51]}
34. h4 {[%clk 0:02:41]} h5 {[%clk 0:02:52]} 35. a3 {[%clk 0:02:39]} a6
{[%clk 0:02:44]} 36. b3 {[%clk 0:02:39]} a5 {[%clk 0:02:35]} 37. b4
{[%clk 0:02:33]} axb4 {[%clk 0:01:57]} 38. axb4 {[%clk 0:02:34]} b5
{[%clk 0:01:58]} 39. Kc5 {[%clk 0:02:36]} Ke6 {[%clk 0:01:59]} 40. Kxb5
{[%clk 0:02:37]} Kd5 {[%clk 0:02:01]} 41. Ka6 {[%clk 0:02:37]} Ke4
{[%clk 0:02:02]} 42. b5 {[%clk 0:02:38]} Kf3 {[%clk 0:02:03]} 43. b6
{[%clk 0:02:39]} Kxg3 {[%clk 0:02:04]} 44. b7 {[%clk 0:02:40]} Kxf4
{[%clk 0:02:04]} 45. b8=Q+ Kg4 {[%clk 0:02:05]} 46. Qb4+ {[%clk 0:02:40]} Kg3
{[%clk 0:02:06]} 47. Kb5 {[%clk 0:02:40]} f4 {[%clk 0:02:07]} 48. Qe1+
{[%clk 0:02:39]} Kg2 {[%clk 0:02:04]} 49. Qe2+ {[%clk 0:02:39]} Kg3
{[%clk 0:02:04]} 50. Qf1 {[%clk 0:02:39]} f3 {[%clk 0:02:00]} 51. Kc4
{[%clk 0:02:39]} Kxh4 {[%clk 0:01:55]} 52. Qxf3 {[%clk 0:02:39]} g5
{[%clk 0:01:57]} 53. Qg2 {[%clk 0:02:36]} g4 {[%clk 0:01:58]} 54. Kd4
{[%clk 0:02:38]} Kg5 {[%clk 0:01:56]} 55. Ke3 {[%clk 0:02:38]} h4
{[%clk 0:01:56]} 56. Ke4 {[%clk 0:02:32]} h3 {[%clk 0:01:51]} 57. Qg3
{[%clk 0:02:31]} Kh5 {[%clk 0:01:27]} 58. Kf5 {[%clk 0:02:28]} h2
{[%clk 0:01:26]} 59. Qxh2# {[%clk 0:02:27]} 1-0

[Event "C10"]
[Site "?"]
[Date "2020.08.30"]
[Round "7.6"]
[White "Dunda, Szymon"]
[Black "Suska, Szymon"]
[Result "0-1"]
[BlackElo "1325"]
[WhiteElo "1283"]
[LiveChessVersion "1.4.8"]

1. e4 {[%clk 0:03:04]} c5 {[%clk 0:03:04]} 2. Nf3 {[%clk 0:03:04]} e6
{[%clk 0:03:05]} 3. d4 {[%clk 0:03:04]} cxd4 {[%clk 0:03:06]} 4. Nxd4
{[%clk 0:03:06]} Nc6 {[%clk 0:03:07]} 5. Be3 {[%clk 0:03:03]} Nf6
{[%clk 0:03:06]} 6. Nc3 {[%clk 0:03:04]} d6 {[%clk 0:03:02]} 7. Bd3
{[%clk 0:03:00]} Be7 {[%clk 0:03:02]} 8. O-O {[%clk 0:03:00]} a6 {[%clk 0:03:01]}
9. f4 {[%clk 0:03:00]} Qc7 {[%clk 0:02:53]} 10. Qe1 {[%clk 0:02:54]} Bd7
{[%clk 0:02:40]} 11. Rf3 {[%clk 0:02:48]} Nxd4 {[%clk 0:02:35]} 12. Bxd4
{[%clk 0:02:48]} Rc8 {[%clk 0:02:18]} 13. Be3 {[%clk 0:02:37]} d5
{[%clk 0:02:01]} 14. e5 {[%clk 0:02:24]} Ng4 {[%clk 0:01:44]} 15. Rh3
{[%clk 0:02:16]} Nxe3 {[%clk 0:01:40]} 16. Rxe3 {[%clk 0:02:00]} d4
{[%clk 0:01:37]} 17. Rh3 {[%clk 0:01:59]} dxc3 {[%clk 0:01:38]} 18. bxc3
{[%clk 0:01:58]} Qxc3 {[%clk 0:01:37]} 19. Qf1 {[%clk 0:01:55]} Qd4+
{[%clk 0:01:24]} 20. Kh1 {[%clk 0:01:56]} h6 {[%clk 0:01:09]} 21. Rd1
{[%clk 0:01:54]} Qc5 {[%clk 0:01:08]} 22. Qf3 {[%clk 0:01:53]} Bc6
{[%clk 0:01:07]} 23. Qg3 {[%clk 0:01:50]} Kf8 {[%clk 0:00:52]} 24. f5
{[%clk 0:01:26]} exf5 {[%clk 0:00:42]} 25. Bxf5 {[%clk 0:01:23]} Rd8
{[%clk 0:00:38]} 26. Rxd8+ {[%clk 0:01:17]} Bxd8 {[%clk 0:00:39]} 27. Qf3
{[%clk 0:01:15]} Bxf3 {[%clk 0:00:35]} 0-1

[Event "C10"]
[Site "?"]
[Date "2020.08.30"]
[Round "7.7"]
[White "Butkiewicz, Jan"]
[Black "Kaszuba, Michal"]
[Result "0-1"]
[BlackElo "1167"]
[WhiteElo "1300"]
[LiveChessVersion "1.4.8"]

1. d4 {[%clk 0:03:03]} e6 {[%clk 0:03:03]} 2. c4 {[%clk 0:03:04]} b6
{[%clk 0:03:04]} 3. Nf3 {[%clk 0:03:05]} Bb7 {[%clk 0:03:06]} 4. Nc3
{[%clk 0:03:05]} Bb4 {[%clk 0:03:05]} 5. Bf4 {[%clk 0:03:02]} Nf6
{[%clk 0:03:05]} 6. e3 {[%clk 0:03:03]} Ne4 {[%clk 0:03:00]} 7. Qc2
{[%clk 0:02:48]} h6 {[%clk 0:02:52]} 8. a3 {[%clk 0:02:48]} Bxc3+
{[%clk 0:02:30]} 9. bxc3 {[%clk 0:02:48]} O-O {[%clk 0:02:15]} 10. Bd3
{[%clk 0:02:46]} Nf6 {[%clk 0:02:15]} 11. Be5 {[%clk 0:02:14]} d6
{[%clk 0:02:06]} 12. Bg3 {[%clk 0:02:10]} d5 {[%clk 0:01:57]} 13. Bh4
{[%clk 0:02:04]} Ba6 {[%clk 0:01:36]} 14. cxd5 {[%clk 0:01:50]} Bxd3
{[%clk 0:01:20]} 15. Qxd3 {[%clk 0:01:49]} Qxd5 {[%clk 0:01:10]} 16. Bxf6
{[%clk 0:01:43]} gxf6 {[%clk 0:01:11]} 17. e4 {[%clk 0:01:37]} Qh5
{[%clk 0:00:54]} 18. e5 {[%clk 0:01:31]} Qg6 {[%clk 0:00:50]} 19. Qe3
{[%clk 0:01:16]} f5 {[%clk 0:00:41]} 20. h4 {[%clk 0:01:05]} Kh8 {[%clk 0:00:32]}
21. h5 {[%clk 0:01:01]} Qg7 {[%clk 0:00:32]} 22. Rh3 {[%clk 0:00:51]} Rg8
{[%clk 0:00:31]} 23. Nh4 {[%clk 0:00:40]} Qh7 {[%clk 0:00:27]} 24. Ng6+
{[%clk 0:00:37]} fxg6 {[%clk 0:00:14]} 25. hxg6 {[%clk 0:00:36]} Rxg6
{[%clk 0:00:14]} 26. Ke2 {[%clk 0:00:33]} Kg7 {[%clk 0:00:10]} 27. Rah1
{[%clk 0:00:31]} Nd7 {[%clk 0:00:08]} 28. Qf3 {[%clk 0:00:29]} Rh8
{[%clk 0:00:08]} 29. Qc6 {[%clk 0:00:28]} Kf8 {[%clk 0:00:06]} 30. Qxc7
{[%clk 0:00:27]} Nxe5 {[%clk 0:00:05]} 31. Qxh7 {[%clk 0:00:23]} Rxh7
{[%clk 0:00:06]} 32. dxe5 {[%clk 0:00:24]} Ke7 {[%clk 0:00:08]} 33. g3
{[%clk 0:00:19]} Kd7 {[%clk 0:00:08]} 34. Ke3 {[%clk 0:00:18]} Kc6
{[%clk 0:00:09]} 35. Kd4 {[%clk 0:00:18]} Rd7+ {[%clk 0:00:10]} 36. Ke3
{[%clk 0:00:17]} Rh7 {[%clk 0:00:11]} 37. Rb1 {[%clk 0:00:15]} Kd5
{[%clk 0:00:12]} 38. f4 {[%clk 0:00:13]} Rhg7 {[%clk 0:00:12]} 39. Rd1+
{[%clk 0:00:14]} Kc5 {[%clk 0:00:12]} 40. Kf3 {[%clk 0:00:12]} Rh7
{[%clk 0:00:13]} 41. Rd4 {[%clk 0:00:11]} b5 {[%clk 0:00:13]} 42. Rh1
{[%clk 0:00:12]} Rhg7 {[%clk 0:00:12]} 43. Rh3 {[%clk 0:00:12]} a5
{[%clk 0:00:14]} 44. Rh1 {[%clk 0:00:12]} Rxg3+ {[%clk 0:00:14]} 45. Ke2
{[%clk 0:00:10]} Rg2+ {[%clk 0:00:15]} 46. Kf1 {[%clk 0:00:08]} R7g6
{[%clk 0:00:13]} 47. Rh3 {[%clk 0:00:07]} Ra2 {[%clk 0:00:11]} 48. Rd6
{[%clk 0:00:05]} Rxa3 {[%clk 0:00:10]} 49. Rd8 {[%clk 0:00:05]} Ra1+
{[%clk 0:00:09]} 50. Kf2 {[%clk 0:00:05]} Rag1 51. Rc8+ {[%clk 0:00:05]} Kb6
{[%clk 0:00:09]} 52. Rb8+ {[%clk 0:00:05]} Kc6 {[%clk 0:00:08]} 53. Rc8+
{[%clk 0:00:06]} Kb7 {[%clk 0:00:09]} 54. Rh8 {[%clk 0:00:05]} R1g2+
{[%clk 0:00:10]} 55. Kf3 {[%clk 0:00:04]} Rc2 {[%clk 0:00:09]} 56. Rh4
{[%clk 0:00:04]} Rxc3+ {[%clk 0:00:09]} 57. Kf2 {[%clk 0:00:05]} Rc7
{[%clk 0:00:07]} 58. R8xh6 {[%clk 0:00:04]} Rxh6 {[%clk 0:00:09]} 59. Rxh6
{[%clk 0:00:05]} Re7 {[%clk 0:00:11]} 60. Ke2 b4 61. Kd2 {[%clk 0:00:06]} Kb6
{[%clk 0:00:13]} 62. Kc2 Kb5 63. Rh3 {[%clk 0:00:07]} a4 {[%clk 0:00:15]} 64. Rd3
{[%clk 0:00:08]} Rc7+ {[%clk 0:00:16]} 65. Kb2 {[%clk 0:00:08]} a3+
{[%clk 0:00:16]} 66. Kb3 {[%clk 0:00:08]} Rc3+ {[%clk 0:00:17]} 67. Rxc3
{[%clk 0:00:09]} bxc3 {[%clk 0:00:18]} 68. Kxc3 {[%clk 0:00:09]} Kc5
{[%clk 0:00:19]} 69. Kb3 {[%clk 0:00:09]} Kd5 {[%clk 0:00:21]} 70. Kxa3
{[%clk 0:00:10]} Ke4 {[%clk 0:00:22]} 71. Kb3 {[%clk 0:00:12]} Kxf4
{[%clk 0:00:23]} 72. Kc3 {[%clk 0:00:13]} Kxe5 {[%clk 0:00:24]} 73. Kd3
{[%clk 0:00:15]} Kd5 {[%clk 0:00:24]} 74. Ke3 {[%clk 0:00:16]} e5
{[%clk 0:00:26]} 75. Kf3 {[%clk 0:00:17]} Kd4 {[%clk 0:00:27]} 76. Ke2
{[%clk 0:00:18]} e4 {[%clk 0:00:29]} 77. Kf2 {[%clk 0:00:19]} f4 {[%clk 0:00:30]}
78. Ke1 {[%clk 0:00:20]} Kd3 {[%clk 0:00:31]} 79. Kf1 {[%clk 0:00:21]} e3
{[%clk 0:00:32]} 80. Ke1 {[%clk 0:00:22]} f3 {[%clk 0:00:33]} 81. Kf1
{[%clk 0:00:23]} Kd2 {[%clk 0:00:34]} 82. Kg1 {[%clk 0:00:23]} e2
{[%clk 0:00:36]} 83. Kh2 {[%clk 0:00:22]} e1=Q {[%clk 0:00:35]} 84. Kh3
{[%clk 0:00:22]} Qg1 {[%clk 0:00:34]} 85. Kh4 {[%clk 0:00:22]} f2
{[%clk 0:00:35]} 86. Kh5 {[%clk 0:00:20]} f1=R {[%clk 0:00:34]} 87. Kh4
{[%clk 0:00:21]} Rf3 {[%clk 0:00:34]} 0-1

[Event "C10"]
[Site "?"]
[Date "2020.08.30"]
[Round "7.8"]
[White "Karaszewski, Gabriel"]
[Black "Wesolowski, Jeremi"]
[Result "1/2-1/2"]
[BlackElo "1364"]
[WhiteElo "1247"]
[LiveChessVersion "1.4.8"]

1. e4 {[%clk 0:03:04]} c5 {[%clk 0:03:04]} 2. Nf3 {[%clk 0:03:04]} e6
{[%clk 0:03:05]} 3. c4 {[%clk 0:03:05]} Nc6 {[%clk 0:03:01]} 4. Nc3
{[%clk 0:03:07]} d6 {[%clk 0:02:59]} 5. d4 {[%clk 0:03:06]} cxd4 {[%clk 0:02:58]}
6. Nxd4 {[%clk 0:03:07]} Nf6 {[%clk 0:02:49]} 7. Be3 {[%clk 0:03:05]} Be7
{[%clk 0:02:28]} 8. Be2 {[%clk 0:03:05]} O-O {[%clk 0:02:26]} 9. Qd2
{[%clk 0:03:03]} Bd7 {[%clk 0:02:07]} 10. f4 {[%clk 0:03:01]} Nxd4
{[%clk 0:01:58]} 11. Bxd4 {[%clk 0:02:55]} Bc6 {[%clk 0:01:59]} 12. Bf3
{[%clk 0:02:51]} Qd7 {[%clk 0:01:43]} 13. O-O {[%clk 0:02:50]} Rfd8
{[%clk 0:01:43]} 14. Rad1 {[%clk 0:02:46]} d5 {[%clk 0:01:31]} 15. exd5
{[%clk 0:02:35]} exd5 {[%clk 0:01:31]} 16. Bxf6 {[%clk 0:02:24]} Bxf6
{[%clk 0:01:23]} 17. Nxd5 {[%clk 0:02:15]} Qf5 {[%clk 0:00:55]} 18. Nxf6+
{[%clk 0:02:14]} Qxf6 19. Qe2 {[%clk 0:01:58]} Re8 {[%clk 0:00:47]} 20. Qc2
{[%clk 0:01:54]} Rac8 {[%clk 0:00:35]} 21. Bxc6 {[%clk 0:01:50]} Qxc6
{[%clk 0:00:32]} 22. b3 {[%clk 0:01:48]} b5 {[%clk 0:00:29]} 23. Rc1
{[%clk 0:01:40]} Qc5+ {[%clk 0:00:23]} 24. Kh1 1/2-1/2

[Event "C10"]
[Site "?"]
[Date "2020.08.30"]
[Round "7.9"]
[White "Komendecki, Grzegorz"]
[Black "Krogulski, Maksymilian"]
[Result "1-0"]
[BlackElo "1289"]
[WhiteElo "1154"]
[LiveChessVersion "1.4.8"]

1. e4 {[%clk 0:03:03]} c5 {[%clk 0:03:04]} 2. Nf3 e6 {[%clk 0:03:07]} 3. d4
{[%clk 0:03:04]} cxd4 4. Nxd4 {[%clk 0:03:04]} Nf6 {[%clk 0:03:08]} 5. Nc3
{[%clk 0:03:05]} Nc6 {[%clk 0:03:09]} 6. f3 {[%clk 0:03:01]} Be7 {[%clk 0:03:10]}
7. Be3 {[%clk 0:03:02]} O-O {[%clk 0:03:11]} 8. Be2 a6 9. O-O {[%clk 0:03:01]} d5
{[%clk 0:03:13]} 10. exd5 {[%clk 0:02:53]} Nxd5 {[%clk 0:03:14]} 11. Nxd5
{[%clk 0:02:48]} exd5 {[%clk 0:03:00]} 12. c3 {[%clk 0:02:33]} Qb6
{[%clk 0:02:54]} 13. Qc2 {[%clk 0:02:23]} Bc5 {[%clk 0:02:52]} 14. Rad1
{[%clk 0:02:10]} Re8 {[%clk 0:02:40]} 15. Bf2 {[%clk 0:02:04]} Nxd4
{[%clk 0:02:34]} 16. Bxd4 {[%clk 0:01:51]} Bxd4+ {[%clk 0:02:31]} 17. Rxd4
{[%clk 0:01:51]} Be6 {[%clk 0:02:32]} 18. Kh1 {[%clk 0:01:48]} Rac8
{[%clk 0:02:28]} 19. Bd3 {[%clk 0:01:44]} h6 {[%clk 0:02:26]} 20. f4
{[%clk 0:01:36]} Qc6 {[%clk 0:02:04]} 21. f5 {[%clk 0:01:34]} Bd7
{[%clk 0:02:04]} 22. Rdf4 {[%clk 0:01:30]} Qf6 {[%clk 0:02:02]} 23. h3
{[%clk 0:01:19]} Bc6 {[%clk 0:02:00]} 24. Qf2 {[%clk 0:01:16]} Rcd8
{[%clk 0:01:54]} 25. Rd4 {[%clk 0:01:11]} Re5 {[%clk 0:01:46]} 26. Rf4
{[%clk 0:00:51]} Rde8 {[%clk 0:01:45]} 27. Rd4 {[%clk 0:00:45]} R8e7
{[%clk 0:01:37]} 28. Kg1 {[%clk 0:00:35]} Re3 {[%clk 0:01:37]} 29. Qf4
{[%clk 0:00:24]} Re8 {[%clk 0:01:25]} 30. Rf3 {[%clk 0:00:15]} Re1+
{[%clk 0:01:20]} 31. Kh2 {[%clk 0:00:16]} Qe5 {[%clk 0:01:10]} 32. Qxe5
{[%clk 0:00:17]} R1xe5 {[%clk 0:01:10]} 33. Rf2 {[%clk 0:00:18]} f6
{[%clk 0:01:06]} 34. Kg3 {[%clk 0:00:12]} Kf7 {[%clk 0:01:06]} 35. Kh2
{[%clk 0:00:10]} R8e7 {[%clk 0:01:05]} 36. Kg1 {[%clk 0:00:11]} Kf8
{[%clk 0:01:02]} 37. Kh2 {[%clk 0:00:12]} Ke8 {[%clk 0:01:04]} 38. Kg1
{[%clk 0:00:13]} Kd7 {[%clk 0:01:05]} 39. Kh2 {[%clk 0:00:13]} Kd6
{[%clk 0:01:07]} 40. b4 {[%clk 0:00:13]} Kc7 {[%clk 0:01:08]} 41. Kg1
{[%clk 0:00:11]} Kd6 {[%clk 0:01:04]} 42. Kh2 {[%clk 0:00:11]} Re3
{[%clk 0:00:59]} 43. Rf3 {[%clk 0:00:10]} Re1 {[%clk 0:00:49]} 44. Rf2
{[%clk 0:00:07]} Rc1 {[%clk 0:00:43]} 45. Rc2 {[%clk 0:00:07]} Ra1
{[%clk 0:00:42]} 46. Rd2 {[%clk 0:00:06]} Ree1 {[%clk 0:00:40]} 47. Kg3
{[%clk 0:00:06]} Rec1 {[%clk 0:00:40]} 48. Rc2 {[%clk 0:00:06]} Rxc2
{[%clk 0:00:42]} 49. Bxc2 {[%clk 0:00:07]} Rxa2 50. Bb3 {[%clk 0:00:08]} Re2
{[%clk 0:00:38]} 51. Kf3 {[%clk 0:00:09]} Re5 {[%clk 0:00:38]} 52. c4
{[%clk 0:00:10]} Rxf5+ {[%clk 0:00:37]} 53. Kg4 {[%clk 0:00:11]} Re5
{[%clk 0:00:37]} 54. c5+ {[%clk 0:00:10]} Kc7 {[%clk 0:00:33]} 55. Kf3
{[%clk 0:00:11]} h5 {[%clk 0:00:30]} 56. g4 {[%clk 0:00:12]} hxg4+
{[%clk 0:00:31]} 57. hxg4 {[%clk 0:00:13]} Kd7 {[%clk 0:00:28]} 58. Kf4
{[%clk 0:00:13]} Ke6 {[%clk 0:00:29]} 59. Kf3 {[%clk 0:00:13]} Bd7
{[%clk 0:00:28]} 60. Kf4 {[%clk 0:00:13]} Bc6 {[%clk 0:00:28]} 61. Bc2
{[%clk 0:00:13]} g5+ {[%clk 0:00:28]} 62. Kf3 {[%clk 0:00:13]} Re1
{[%clk 0:00:25]} 63. Bf5+ {[%clk 0:00:15]} Ke5 {[%clk 0:00:24]} 64. Rd2
{[%clk 0:00:14]} Bb5 {[%clk 0:00:23]} 65. Kf2 {[%clk 0:00:13]} Rb1
{[%clk 0:00:23]} 66. Bxb1 {[%clk 0:00:14]} d4 {[%clk 0:00:23]} 67. Ba2
{[%clk 0:00:15]} Bd7 {[%clk 0:00:22]} 68. Re2+ {[%clk 0:00:15]} Kf4
{[%clk 0:00:19]} 69. Bb1 {[%clk 0:00:15]} Bxg4 {[%clk 0:00:19]} 70. Re4+
{[%clk 0:00:15]} Kf5 {[%clk 0:00:19]} 71. Rxd4+ {[%clk 0:00:16]} Ke5
{[%clk 0:00:18]} 72. Rxg4 Kd5 {[%clk 0:00:19]} 73. Ba2+ Kc6 74. Ke2
{[%clk 0:00:18]} a5 {[%clk 0:00:22]} 75. bxa5 {[%clk 0:00:18]} Kb5
{[%clk 0:00:24]} 76. Rd4 {[%clk 0:00:14]} Kxc5 {[%clk 0:00:25]} 77. Rd7
{[%clk 0:00:14]} Kc6 {[%clk 0:00:26]} 78. Rf7 {[%clk 0:00:15]} Kb5
{[%clk 0:00:27]} 79. Rxf6 {[%clk 0:00:16]} Kxa5 {[%clk 0:00:28]} 80. Rf5+
{[%clk 0:00:16]} b5 {[%clk 0:00:29]} 81. Rxg5 {[%clk 0:00:16]} Ka4
{[%clk 0:00:31]} 82. Rg4+ {[%clk 0:00:16]} b4 {[%clk 0:00:32]} 83. Be6
{[%clk 0:00:16]} Ka3 {[%clk 0:00:34]} 84. Rg3+ {[%clk 0:00:15]} Ka4
{[%clk 0:00:35]} 85. Kd2 {[%clk 0:00:16]} Kb5 {[%clk 0:00:36]} 86. Kc2
{[%clk 0:00:16]} Kc5 {[%clk 0:00:37]} 87. Bb3 {[%clk 0:00:17]} Kb5
{[%clk 0:00:39]} 88. Kd3 {[%clk 0:00:16]} Kc5 {[%clk 0:00:40]} 89. Ke4
{[%clk 0:00:18]} Kb5 {[%clk 0:00:41]} 90. Rg4 {[%clk 0:00:19]} Kc5
{[%clk 0:00:42]} 91. Ke5 {[%clk 0:00:19]} Kb5 {[%clk 0:00:44]} 92. Kd5
{[%clk 0:00:20]} Ka5 {[%clk 0:00:45]} 93. Kc5 {[%clk 0:00:21]} Ka6 94. Rxb4
{[%clk 0:00:21]} Ka7 {[%clk 0:00:45]} 95. Kc6 {[%clk 0:00:19]} Ka8
{[%clk 0:00:45]} 96. Kc7 {[%clk 0:00:20]} Ka7 {[%clk 0:00:45]} 97. Ra4#
{[%clk 0:00:21]} 1-0

[Event "C10"]
[Site "?"]
[Date "2020.08.30"]
[Round "7.10"]
[White "Dobrowolski, Kamil"]
[Black "Prokopiuk, Jakub"]
[Result "0-1"]
[BlackElo "1257"]
[WhiteElo "1140"]
[LiveChessVersion "1.4.8"]

1. e4 {[%clk 0:03:04]} c5 {[%clk 0:03:03]} 2. c3 {[%clk 0:03:04]} d6
{[%clk 0:03:04]} 3. d4 {[%clk 0:03:03]} cxd4 {[%clk 0:03:05]} 4. cxd4
{[%clk 0:03:04]} Nf6 {[%clk 0:03:06]} 5. Nc3 {[%clk 0:03:01]} a6 {[%clk 0:03:07]}
6. Bc4 {[%clk 0:02:48]} e6 {[%clk 0:03:08]} 7. Nf3 {[%clk 0:02:44]} b5
{[%clk 0:03:09]} 8. Bd3 {[%clk 0:02:39]} Bb7 {[%clk 0:03:10]} 9. a3
{[%clk 0:02:38]} Be7 {[%clk 0:03:10]} 10. O-O {[%clk 0:02:35]} Nbd7
{[%clk 0:03:10]} 11. Re1 {[%clk 0:02:31]} Qc7 {[%clk 0:03:11]} 12. Bf4
{[%clk 0:02:25]} e5 {[%clk 0:02:59]} 13. dxe5 {[%clk 0:02:23]} dxe5
{[%clk 0:02:58]} 14. Be3 {[%clk 0:02:08]} O-O {[%clk 0:02:56]} 15. Rc1
{[%clk 0:01:59]} Ng4 {[%clk 0:02:54]} 16. Nd5 {[%clk 0:01:50]} Qd8
{[%clk 0:02:49]} 17. h3 {[%clk 0:01:29]} Nxe3 {[%clk 0:02:45]} 18. Rxe3
{[%clk 0:01:24]} Bxd5 {[%clk 0:02:45]} 19. exd5 {[%clk 0:01:22]} f6
{[%clk 0:02:41]} 20. d6 {[%clk 0:00:59]} Bxd6 {[%clk 0:02:35]} 21. Bxh7+
{[%clk 0:00:58]} Kxh7 {[%clk 0:02:35]} 22. Qxd6 {[%clk 0:00:57]} Nb6
{[%clk 0:02:27]} 23. Rd3 {[%clk 0:00:51]} Qxd6 {[%clk 0:02:25]} 24. Rxd6
{[%clk 0:00:51]} Nc4 {[%clk 0:02:27]} 25. Rd5 {[%clk 0:00:42]} Nxb2
{[%clk 0:02:23]} 26. Rc6 {[%clk 0:00:32]} Nc4 {[%clk 0:02:19]} 27. Rd3
{[%clk 0:00:30]} e4 {[%clk 0:02:18]} 28. Ng5+ {[%clk 0:00:21]} fxg5
{[%clk 0:02:16]} 29. Rd4 {[%clk 0:00:17]} Rfc8 {[%clk 0:02:09]} 30. Re6
{[%clk 0:00:14]} Re8 {[%clk 0:02:07]} 31. Rc6 {[%clk 0:00:09]} Nxa3
{[%clk 0:02:04]} 32. Rdd6 {[%clk 0:00:07]} Nc4 {[%clk 0:02:04]} 33. Rg6
{[%clk 0:00:04]} Ne5 0-1

[Event "C10"]
[Site "?"]
[Date "2020.08.30"]
[Round "8.2"]
[White "Suska, Szymon"]
[Black "Wojtacha, Krzysztof"]
[Result "0-1"]
[BlackElo "1445"]
[WhiteElo "1325"]
[LiveChessVersion "1.4.8"]

1. e4 {[%clk 0:03:03]} c5 {[%clk 0:03:03]} 2. Nf3 {[%clk 0:03:03]} e6
{[%clk 0:03:04]} 3. d4 {[%clk 0:03:04]} cxd4 {[%clk 0:03:05]} 4. Nxd4
{[%clk 0:03:05]} a6 {[%clk 0:03:07]} 5. c4 {[%clk 0:03:04]} Nf6 {[%clk 0:03:07]}
6. Nc3 {[%clk 0:03:05]} Bb4 {[%clk 0:03:07]} 7. f3 {[%clk 0:03:01]} Qc7
{[%clk 0:02:59]} 8. Be3 {[%clk 0:03:01]} O-O {[%clk 0:02:55]} 9. Qd2
{[%clk 0:02:56]} Nc6 {[%clk 0:02:44]} 10. O-O-O {[%clk 0:02:55]} Ne5
{[%clk 0:02:33]} 11. a3 {[%clk 0:02:28]} Bxc3 {[%clk 0:02:20]} 12. Qxc3
{[%clk 0:02:26]} b6 {[%clk 0:02:06]} 13. g4 {[%clk 0:02:18]} Bb7 {[%clk 0:02:00]}
14. h4 {[%clk 0:02:17]} Rac8 {[%clk 0:01:56]} 15. Nc2 {[%clk 0:01:34]} Nxf3
{[%clk 0:01:39]} 16. g5 {[%clk 0:01:10]} Nxe4 {[%clk 0:01:38]} 17. Qb4
{[%clk 0:01:05]} Nc5 {[%clk 0:01:28]} 18. Bg2 {[%clk 0:01:01]} Ne5
{[%clk 0:01:24]} 19. Bxb7 {[%clk 0:01:01]} Qxb7 {[%clk 0:01:21]} 20. Bd4
{[%clk 0:00:57]} Ned3+ {[%clk 0:01:19]} 21. Rxd3 {[%clk 0:00:38]} Nxd3+
{[%clk 0:01:19]} 22. Kb1 {[%clk 0:00:31]} Qxh1+ {[%clk 0:01:12]} 23. Ka2
{[%clk 0:00:30]} Nxb4+ {[%clk 0:01:12]} 24. Nxb4 {[%clk 0:00:30]} Rxc4
{[%clk 0:01:10]} 25. Bxb6 {[%clk 0:00:29]} Rb8 {[%clk 0:01:07]} 26. Ba5
{[%clk 0:00:26]} Rb5 {[%clk 0:01:04]} 27. Bc7 {[%clk 0:00:21]} Rxc7
{[%clk 0:01:01]} 28. Nxa6 {[%clk 0:00:22]} Rc2 {[%clk 0:00:54]} 29. Nb4
{[%clk 0:00:20]} Rxb4 {[%clk 0:00:55]} 30. axb4 {[%clk 0:00:20]} Qd5+
{[%clk 0:00:50]} 31. Ka3 {[%clk 0:00:21]} Qb5 {[%clk 0:00:45]} 32. Kb3
{[%clk 0:00:21]} Rxb2+ {[%clk 0:00:44]} 33. Kxb2 {[%clk 0:00:21]} Qxb4+
{[%clk 0:00:45]} 34. Kc2 {[%clk 0:00:22]} Qa3 {[%clk 0:00:46]} 35. Kd2
{[%clk 0:00:23]} Kf8 {[%clk 0:00:46]} 36. Kc2 {[%clk 0:00:22]} Ke7
{[%clk 0:00:46]} 37. Kd2 {[%clk 0:00:23]} Kd6 {[%clk 0:00:46]} 38. h5
{[%clk 0:00:24]} Ke5 {[%clk 0:00:46]} 39. Kc2 {[%clk 0:00:24]} Kd4
{[%clk 0:00:47]} 40. h6 {[%clk 0:00:24]} gxh6 {[%clk 0:00:48]} 41. g6
{[%clk 0:00:24]} hxg6 {[%clk 0:00:48]} 42. Kd2 {[%clk 0:00:26]} Qa2+
{[%clk 0:00:49]} 43. Ke1 {[%clk 0:00:26]} Ke3 {[%clk 0:00:49]} 0-1

[Event "C10"]
[Site "?"]
[Date "2020.08.30"]
[Round "8.3"]
[White "Sowinski, Pawel"]
[Black "Chomicki, Kornel"]
[Result "1-0"]
[BlackElo "1164"]
[WhiteElo "1527"]
[LiveChessVersion "1.4.8"]

1. Nf3 {[%clk 0:03:03]} Nc6 {[%clk 0:02:59]} 2. d4 {[%clk 0:03:03]} d5
{[%clk 0:03:00]} 3. g3 {[%clk 0:03:03]} Nf6 {[%clk 0:02:58]} 4. Bg2
{[%clk 0:03:04]} Bf5 {[%clk 0:02:58]} 5. O-O {[%clk 0:03:03]} e6 {[%clk 0:02:59]}
6. a3 {[%clk 0:03:01]} Bd6 {[%clk 0:02:54]} 7. c4 {[%clk 0:02:53]} O-O
{[%clk 0:02:50]} 8. Nc3 {[%clk 0:02:53]} Ne7 {[%clk 0:02:19]} 9. Bg5
{[%clk 0:02:51]} c6 {[%clk 0:02:04]} 10. Bxf6 {[%clk 0:02:47]} gxf6
{[%clk 0:02:05]} 11. Nh4 {[%clk 0:02:37]} Bg6 12. e4 {[%clk 0:02:32]} dxc4
{[%clk 0:01:42]} 13. f4 {[%clk 0:02:11]} f5 {[%clk 0:01:40]} 14. e5
{[%clk 0:02:06]} Bc7 {[%clk 0:01:40]} 15. Rc1 {[%clk 0:01:54]} Nd5
{[%clk 0:01:36]} 16. Nxd5 {[%clk 0:01:49]} cxd5 {[%clk 0:01:37]} 17. g4
{[%clk 0:01:49]} Qxh4 {[%clk 0:01:32]} 18. g5 {[%clk 0:01:46]} h6
{[%clk 0:01:27]} 19. Rf3 {[%clk 0:01:42]} hxg5 {[%clk 0:01:28]} 20. fxg5
{[%clk 0:01:34]} Qxg5 {[%clk 0:01:24]} 21. Rg3 {[%clk 0:01:34]} Qe7
{[%clk 0:01:24]} 22. Qh5 {[%clk 0:01:34]} Bb6 {[%clk 0:01:15]} 23. Rd1
{[%clk 0:01:31]} Rfe8 {[%clk 0:01:08]} 24. h4 {[%clk 0:01:30]} f4
{[%clk 0:00:58]} 25. Rg4 {[%clk 0:01:32]} Kg7 {[%clk 0:00:49]} 26. Rg5
{[%clk 0:01:25]} Rh8 {[%clk 0:00:46]} 27. Qg4 {[%clk 0:01:25]} Rh6
{[%clk 0:00:29]} 28. h5 {[%clk 0:01:26]} Rf8 {[%clk 0:00:20]} 29. Rf1
{[%clk 0:01:27]} Bxd4+ {[%clk 0:00:20]} 30. Kh1 {[%clk 0:01:26]} Be3
{[%clk 0:00:20]} 31. Bh3 {[%clk 0:01:25]} Kh7 {[%clk 0:00:10]} 32. hxg6+
{[%clk 0:01:25]} Rxg6 {[%clk 0:00:10]} 33. Qh4+ {[%clk 0:01:17]} Kg7
{[%clk 0:00:06]} 34. Rxg6+ {[%clk 0:01:18]} Kxg6 35. Qxe7 {[%clk 0:01:19]} Rh8
{[%clk 0:00:07]} 36. Qf6+ {[%clk 0:01:19]} 1-0